| 000 | 00681nam a22001697a 4500 | ||
|---|---|---|---|
| 999 |
_c60888 _d60888 |
||
| 005 | 20231115102701.0 | ||
| 008 | 231115s1985 ru ||||| |||| 00| 0 rus d | ||
| 041 | _arus | ||
| 080 | _a008(37) K-90 | ||
| 245 |
_aКультура Древнего Рима в 2- томах : _bТ. 2 / _cотв. ред. Е. С. Голубцова; АН СССР, Ин-т всеобщей истории. |
||
| 264 |
_aМ. : _bНаука, _c1985. |
||
| 300 |
_a398 стр.: _bил.; _c22 см. |
||
| 653 | _aრომაული კულტურა | ||
| 653 | _aისტორია | ||
| 700 |
_aГолубцова, Е. С. _eრედაქტორი _920380 |
||
| 942 |
_2udc _cᲬᲘᲒᲜᲘ |
||